| 000 | 00856nam a22001815i 4500 | ||
|---|---|---|---|
| 001 | 154641 | ||
| 003 | ES-MaACL | ||
| 005 | 20230906205815.0 | ||
| 008 | 040715s1878 sp |||| | spa d | ||
| 040 |
_aCAM _bspa _cCAM |
||
| 100 | 1 |
_aGonzalo y Tarín, Joaquín ( _d1838-1910) _9127394 |
|
| 245 | 1 | 0 |
_aReseña geológica de la provincia de Huelva / _cpor Joaquín Gonzalo y Tarín. |
| 260 |
_aMadrid : _b[s.n.], _c1878 ( _fImprenta y fundición de Manuel Tello) |
||
| 300 |
_a138 p., [2] h. map. pleg. ; _c25 cm. |
||
| 595 | _aDel Boletín de la Comisión del Mapa Geológico de España. | ||
| 650 | 4 |
_aGeología- _zHuelva (Provincia) _9155398 |
|
| 852 |
_aES-MaACL _jT-1107-F-6 _z-- Enc. hol., conservando la cub. original _z-- Legado Federico de Botella y de Hornos _z-- An ms.: ded. del autor a Federico de Botella y Hornos _z-- Enc. en un vol. facticio |
||
| 999 |
_c154641 _d154641 |
||